000 00242nam a22000857a 4500
999 _c11132
_d11132
008 180922b ||||| |||| 00| 0 eng d
100 _abhargava, mayuri
_96896
245 _aVegiterian Indian Treasures
260 _aNew Delhi
_bVlaue Publication
_c2004